| 000 | 00850nam a22002177a 4500 | ||
|---|---|---|---|
| 008 | 090305t xxu||||| |||| 00| 0 eng d | ||
| 010 | _aENG-93102 | ||
| 020 | _c150.00 | ||
| 035 | _aEN-76635 | ||
| 037 | _bDBAD / PUB | ||
| 040 |
_adpl _bEnglish |
||
| 082 | _a881 | ||
| 100 | _aHaranath, K. | ||
| 245 |
_aBouquet of verses: _cK. Haranath; translated by Chintapatla Sudarshan _b(anthology of translated Telugu Poems) / |
||
| 260 |
_aHyderabad _bOld City Writers Association _c2008 |
||
| 300 |
_a102p. _c20cm (pbk) |
||
| 650 |
_aTelugu poetry _xTranslation into English. |
||
| 700 | _aChintapatla Sudarshan | ||
| 942 |
_2ddc _cEN _mHAR _h881 |
||
| 999 |
_c24900 _d24900 |
||